Segundo inventario de las estadísticas nacionales, República de Costa Rica 1970

Збережено в:
Бібліографічні деталі
Співавтор: Costa Rica. Ministerio de Economía, Industria y Comercio. Dirección General de Estadística y Censos
Формат: Текст
Опубліковано: San José: MEIC. Sección de Publicaciones de la Dirección
Теги: Додати тег
Немає тегів, Будьте першим, хто поставить тег для цього запису!

MARC

LEADER 00000 a a2200000 04500
001 17359
003
040
090 |a 020200  
110 |a Costa Rica. Ministerio de Economía, Industria y Comercio. Dirección General de Estadística y Censos  
245 |a Segundo inventario de las estadísticas nacionales, República de Costa Rica 1970  
260 |a San José:   |b MEIC. Sección de Publicaciones de la Dirección  
300 |a 187 p.  
999 |c 11338  |d 11338